Secondary social education in the people's Republic of China : quantitative study of classrom environments in the guangdong province (Record no. 76701)

MARC details
000 -CABECERA
campo de control de longitud fija 00815nam a2200253 a 4500
005 - FECHA Y HORA DE LA ÚLTIMA TRANSACCIÓN
campo de control 20210219153431.0
008 - ELEMENTOS DE LONGITUD FIJA--INFORMACIÓN GENERAL
campo de control de longitud fija 991125n 000 0 eng u
035 ## - NÚMERO DE CONTROL DEL SISTEMA
Número de control de sistema UPN01000099151
100 ## - ASIENTO PRINCIPAL--NOMBRE PERSONAL
Nombre de persona Fouts, Jeffrey T.
222 ## - TÍTULO CLAVE
Título clave THEORY AND RESEARCH IN SOCIAL EDUCATION
245 ## - MENCIÓN DE TÍTULO
Título Secondary social education in the people's Republic of China : quantitative study of classrom environments in the guangdong province
300 ## - DESCRIPCIÓN FÍSICA
Extensión 7-24
362 ## - FECHAS DE PUBLICACIÓN Y/O DESIGNACIÓN SECUENCIAL
Fecha de publicación y/o designación secuencial 1993 21, no. 1
653 0# - TERMINO DE INDIZACION - NO CONTROLADO
Término no controlado ACTITUDES DEL ESTUDIANTE
653 0# - TERMINO DE INDIZACION - NO CONTROLADO
Término no controlado AMBIENTE EN EL SALON DE CLASES
653 0# - TERMINO DE INDIZACION - NO CONTROLADO
Término no controlado EDUCACION SECUNDARIA
653 0# - TERMINO DE INDIZACION - NO CONTROLADO
Término no controlado ESTUDIOS SOCIALES
653 0# - TERMINO DE INDIZACION - NO CONTROLADO
Término no controlado METODOS DE ENSE\197ANZA
653 0# - TERMINO DE INDIZACION - NO CONTROLADO
Término no controlado RELACION MAESTRO-ESTUDIANTE
700 ## - ASIENTO SECUNDARIO--NOMBRE DE PERSONAL
Nombre de persona Chan, Jack C. K.
700 ## - ASIENTO SECUNDARIO--NOMBRE DE PERSONAL
Nombre de persona Biao, Li Zi
904 ## - ELEMENTOS DE DATOS D LOCAL, LDD (RLIN)
a AC
b 036962
905 ## - TIPO DE MATERIAL
Tipo de material Articulo

No items available.